000 01633nam0a2200349 4500
001 RU\NLR\bibl\1498300
005 20260405213802.0
010 _a978-5-9973-0646-5
_91000
021 _aRU
_b2010-13375
_9892
035 _a(nilc)RSL-KNO-004587419
035 _a(NLR Aleph) 001489776
090 _a1756227
_c1756227
100 _a20100304d2009 |||y0rusy50 ca
101 0 _arus
102 _aRU
105 _aa zzzz|||||
200 1 _aКонцепция управления плодово-ягодным подкомплексом
_eмонография
_fС. М. Медведев
210 _aМосква
_cСпутник+
_d2009
215 _a194 с.
_cил., табл.
_d21
320 _aБиблиогр.: с. 181-193 (310 назв.)
606 1 _aПлодоводство
_yРоссийская Федерация
_92161719
_3RU\NLR\auth\661300918
606 1 _aАгропромышленные комплексы
_xУправление
_yРоссийская Федерация
_92156115
_3RU\NLR\auth\661298019
610 0 _aЭкономика -- Российская Федерация -- Сельское хозяйство -- Растениеводство -- Производство плодовых и ягодных культур
686 _aУ9(2)325.154.510,0
_2rubbk
686 _aУ32(2)515.4-21
700 1 _4070
_8rus
_7ca
_aМедведев
_bС. М.
_cд-р экон. наук
_gСергей Михайлович
_3RU\NLR\auth\7796790
_979716
801 0 _aRU
_bРГБ
_c20100304
_grcr
801 1 _aRU
_bРГБ
_c20100304
801 2 _aRU
_bNLR
_c20100413
_grcr
942 _cBOOK
980 _aNB